| 000 | 00632nam a2200253 a 4500 | ||
|---|---|---|---|
| 001 | nice12345678 | ||
| 003 | IN_TiNIC | ||
| 005 | 20260116011419.0 | ||
| 008 | 050524s1944 hyda grm 000 0 49g | ||
| 020 |
_a _c100 |
||
| 082 | 0 | 0 |
_a297.09 _bWAQ |
| 100 | _aWaqidi, M Bin Saad Kaatib | ||
| 245 | _aTabqat-E-kabeer Transl. of Tabqat Ibn-e-saad. | ||
| 260 |
_aHyderabad _bOsmania University _c1944 |
||
| 300 | _a354p. | ||
| 500 | _aincludes index and biblioraphy | ||
| 505 | 2 | _aIndex | |
| 650 | _aIslam-History | ||
| 650 | _aIslam-Origin | ||
| 650 | _aImadi-Abdullah | ||
| 902 | _bRHR | ||
| 942 | _cPM | ||
| 999 |
_c1316 _d1316 |
||